Statystyki dla Nauka szybkiego pisania

Kliknij tutaj aby rozwiązać quiz!

Ogólne statystyki

  • Ten quiz został rozwiązany 545 razy
  • Średni wynik to 9 z 14

Statystyki odpowiedzi

słowo% Poprawnych
PolskaPolska
100%
PisaćPisać
99%
żółćżółć
98%
blokblok
96%
Miastomiasto
94%
WarszawaWarszawa
91%
Laptoplaptop
85%
RzymRzym
81%
4959349593
48%
10921092
32%
LiczbaLiczba
25%
cyfracyfra
19%
NiemcyNiemcy
4%
84758703428475870342
3%

Rozkład punktacji

Percentyl według liczby udzielonych odpowiedzi

Procent ludzi z każdym wynikiem

Twoja historia wyników

Nie rozwiązałeś tego quizu